მეოცე საუკუნის ქართული ლიტერატურის ისტორია (ბიბ.ჩანაწერი № 43153)
[ მარტივი ფორმატი ]
| 000 -LEADER | |
|---|---|
| fixed length control field | 00938nam a2200241Ia 4500 |
| 001 - CONTROL NUMBER | |
| control field | 9874 |
| 003 - CONTROL NUMBER IDENTIFIER | |
| control field | GE_BSU |
| 008 - FIXED-LENGTH DATA ELEMENTS--GENERAL INFORMATION | |
| fixed length control field | 181216s||||||||xx |||||||||||||| ||und|| |
| 020 ## - INTERNATIONAL STANDARD BOOK NUMBER | |
| International Standard Book Number | 9789994061440 |
| 040 ## - CATALOGING SOURCE | |
| Transcribing agency | GE_BSU |
| 080 ## - UNIVERSAL DECIMAL CLASSIFICATION NUMBER | |
| Universal Decimal Classification number | 821.353.1.09XX |
| 100 ## - MAIN ENTRY--PERSONAL NAME | |
| Personal name | ნიკოლეიშვილი,ავთანდილ |
| 245 ## - TITLE STATEMENT | |
| Title | მეოცე საუკუნის ქართული ლიტერატურის ისტორია |
| 245 ## - TITLE STATEMENT | |
| Remainder of title | პროპედევტიკული კურსი |
| 245 ## - TITLE STATEMENT | |
| Statement of responsibility, etc. | რედ. ნესტან კუტივაძე, გია ხოფერია |
| 260 ## - PUBLICATION, DISTRIBUTION, ETC. | |
| Place of publication, distribution, etc. | თბილისი |
| 260 ## - PUBLICATION, DISTRIBUTION, ETC. | |
| Name of publisher, distributor, etc. | უნივერსალი |
| 260 ## - PUBLICATION, DISTRIBUTION, ETC. | |
| Date of publication, distribution, etc. | 2007 |
| 300 ## - PHYSICAL DESCRIPTION | |
| Extent | 180გვ.20სმ. |
| 653 ## - INDEX TERM--UNCONTROLLED | |
| Uncontrolled term | მეოცე საუკუნის ქართული ლიტერატურის ისტორია |
| 942 ## - ADDED ENTRY ELEMENTS (KOHA) | |
| Koha item type | წიგნი |
არაა ხელმისაწვდომი ეგზემპლარები.
